000 01180nam a2200301 a 4500
001 000007014
003 DO-SdBNP
005 20220713103112.0
008 090904s1982 dr a 001 0 spa d
040 _aDO-SdBNP
_bspa
_cBNPHU
082 4 _a111
_bI25s
_222
100 1 _aIñiguez P., Pablo
_919494
245 1 0 _aSimplemente un rayo de luz :
_bde los griegos a la relatividad OVNI y la búsqueda de vida extra-terrestre /
_cPablo Iñiguez ; prólogo Julio M. Rodríguez.
260 _aSanto Domingo :
_bAmigo del Hogar,
_c1982.
300 _a226 p. :
_bil. ;
_c22 cm.
500 _aIncluye bibliografía y notas al pie de páginas.
504 _aBibliografía: p. 213-214.
590 _aInventariado, 2018 /LP
650 4 _aOntología
_xEnsayos, conferencias, etc.
_919495
650 4 _aAntropología filosófica
_97458
650 4 _aHombres
_xEnsayos, conferencias, etc.
_919496
650 4 _aRelatividad (física)
_xEnsayos, conferencias, etc.
_919497
650 4 _aObjetos voladores no identificados
_91461
650 4 _aVida en otros planetas
_919498
700 1 _aRodríguez, Julio M.,
_epról.
_919499
910 _aValidado. Control de calidad EMS
942 _2ddc
_cLBS1
999 _c6798
_d6798